Religion, community and development: (Record no. 38311)

MARC details
000 -LEADER
fixed length control field 00790nam a22002177a 4500
005 - DATE AND TIME OF LATEST TRANSACTION
control field 20100730154251.0
010 ## - LCCN (DPL NO)
LC control number ENG-97177
020 ## - INTERNATIONAL STANDARD BOOK NUMBER
International Standard Book Number 9780415585668
Terms of availability 695.00
035 ## - SYSTEM CONTROL NUMBER
System control number EN-80710
037 ## - SOURCE OF ACQUISITION
Source of stock number/acquisition DBAD/PUB
082 ## - DEWEY DECIMAL CLASSIFICATION NUMBER
Classification number 291
245 ## - TITLE STATEMENT
Title Religion, community and development:
Remainder of title changing contours of politics and policy in India /
Statement of responsibility, etc edited by Gurpreet Mahajan [and] Surinder S. Jodhka
260 ## - PUBLICATION, DISTRIBUTION, ETC. (IMPRINT)
Place of publication, distribution, etc New Delhi
Name of publisher, distributor, etc Routledge
Date of publication, distribution, etc 2010
270 ## - ADDRESS
Address 15-17 Tolstoy Marg
City New Delhi
Postal code 110001
300 ## - PHYSICAL DESCRIPTION
Extent xii, 336p.
Dimensions 22cm (Hb)
500 ## - GENERAL NOTE
General note Includes index
700 ## - ADDED ENTRY--PERSONAL NAME
Personal name Mahajan, Gurpreet
9 (RLIN) 2787
700 ## - ADDED ENTRY--PERSONAL NAME
Personal name Jodhka, Surinder S.
9 (RLIN) 2788
942 ## - ADDED ENTRY ELEMENTS (KOHA)
Source of classification or shelving scheme Dewey Decimal Classification
Item type English Books
Classification part 291
Call number suffix REL
Holdings
Withdrawn status Lost status Not for loan Collection code Home library Current library Date acquired Source of acquisition Cost, normal purchase price Full call number Barcode Copy number Cost, replacement price Koha item type
    Not For Loan Non-fiction D.B.Act.Division D.B.Act.Division 30/07/2010 DBAD/PUB 695.00 291 REL EN-80710 1 695.00 English Books

© Delhi Public Library
Hit Counter
free hit counter